=LDR 00000nam 2200000 4500 =001 INLIS000000000013454 =005 20200309084304 =035 ##$$a 0010-061300000013454 =008 200309################g##########0#ind## =041 ##$$a Ind =082 ##$$a 155.5 =090 ##$$a 155.5, Ali p =100 ##$$a Ali, Muhammad =245 1#$$a Psikologi remaja : $b Perkembangan peserta didik /$c Prof.dr.Mohammad Ali, Prof. Mohammad Asrori =260 ##$$a Jakarta :$b Bumi Aksara,$c 2004 =300 ##$$a xi, 212 hlm, ; $c 23 x 15 cm. =650 #4$$a Psikologi remaja =850 ##$$a NBPNMAT =020 ##$$a 979-526-959-3 =084 ##$$a 155.5 ALI p =700 #$$a Mohammad Asrori =990 ##$$a 20612542